ON THE NEUMANN OPERATOR OF THE ARITHMETICAL MEAN

Podrobná bibliografia
Hlavní autori: Medková, D. (Autor), Král, J. (Autor)
Médium: Článok
Jazyk:angličtina

MARC

LEADER 00000nab a2200000uu 4500
001 vtls010892317
003 SK-MaSNL
005 20260303141948.0
008 230222|1992 xo |||||||||||||||||eng|
015 |a SNBRB 
035 |a (urnnbn)urn:nbn:sk:snk:ar-0068ph 
035 |a (uuid)dd480e59-038f-4404-8f80-a839139b8765 
035 |a urn:nbn:sk:snk-ab8lw5 
040 |a SNKBUCL  |b slo  |c SNKBUCL  |e AACR2 
041 0 |a eng 
044 |a xo  |c SK 
100 1 |a Medková, D.  |4 aut  |9 1161912 
245 1 0 |a ON THE NEUMANN OPERATOR OF THE ARITHMETICAL MEAN  |c D. Medková, J. Král 
700 1 |a Král, J.  |4 aut  |9 433339 
773 0 |t Acta mathematica Universitatis Comenianae  |g Roč. 61, č. 2 (1992), s. 143-165 
958 |a OND 
958 |a EUIPO 
958 |a article10 
999 |c 1979885  |d 1981815